Effective community care: staffing and training: report of proceedings of a conference (Record no. 480377)

000 -LEADER
fixed length control field 00587cam a22001457a 4500
008 - FIXED-LENGTH DATA ELEMENTS--GENERAL INFORMATION
fixed length control field 180718b1966 xxu||||| |||| 00| 0 eng d
082 ## - DEWEY DECIMAL CLASSIFICATION NUMBER
Classification number Q2108x42 K846
245 ## - TITLE STATEMENT
Title Effective community care: staffing and training: report of proceedings of a conference
Statement of responsibility, etc. by London Boroughs Training Committee
260 ## - PUBLICATION, DISTRIBUTION, ETC.
Place of publication, distribution, etc. London
Name of publisher, distributor, etc. London Boroughs Training Committee
Date of publication, distribution, etc. 1966
300 ## - PHYSICAL DESCRIPTION
Extent 51p.
500 ## - GENERAL NOTE
General note Conference held at London on 11th and 12th Feb. 1966
650 ## - SUBJECT ADDED ENTRY--TOPICAL TERM
Topical term or geographic name entry element Training - Social Workers - U.K.
650 ## - SUBJECT ADDED ENTRY--TOPICAL TERM
Topical term or geographic name entry element Social Workers - Education - U.K.
700 ## - ADDED ENTRY--PERSONAL NAME
Personal name London Boroughs Trainning Committee
Holdings
Withdrawn status Lost status Damaged status Not for loan Permanent Location Current Location Date acquired Full call number Barcode Date last seen Price effective from Koha item type
        Indian Institute of Public Administration Indian Institute of Public Administration 2018-08-04 Q2108x42 K846 GR7949 2018-08-04 2018-08-04 GR

Powered by Koha